000
00215 a2200097 4500
001
1623
100
_a
Cormack,J.A
245
_a
Properties and strength of materials
260
_a
_b
Macmillan
_c
090
_c
1161
_d
1161
942
_a
NUST-CAE
_c
M
_c
1792
999
_c
236696
_d
236696